| Tag |
First Indicator |
Second Indicator |
Subfields |
| LEADER |
00000cam a2200000 i 4500 |
| 001 |
in00000211554 |
| 005 |
20151009054924.0 |
| 008 |
790322s1977 nyu b i00110 eng |
| 010 |
|
|
|a 78102716
|
| 035 |
|
|
|a (OCoLC)03582720
|
| 035 |
|
|
|9 AAW9374AM
|
| 040 |
|
|
|a DLC
|c DLC
|d TXA
|d UtOrBLW
|
| 049 |
|
|
|a TXAM
|c [1651685]
|
| 050 |
0 |
0 |
|a HC79.E5
|b L47
|
| 082 |
0 |
|
|a 341.7/62
|
| 100 |
1 |
|
|a Levin, Aida Luisa.
|
| 245 |
1 |
0 |
|a Protecting the human environment :
|b procedures and principles for preventing and resolving international controversies /
|c by Aida Luisa Levin.
|
| 264 |
|
1 |
|a New York :
|b United Nations Institute for Training and Research,
|c [1977]
|
| 300 |
|
|
|a xiii, 131 pages ;
|c 23 cm.
|
| 336 |
|
|
|a text
|b txt
|2 rdacontent
|
| 337 |
|
|
|a unmediated
|b n
|2 rdamedia
|
| 338 |
|
|
|a volume
|b nc
|2 rdacarrier
|
| 490 |
1 |
|
|a A UNITAR study
|
| 500 |
|
|
|a Includes index.
|
| 504 |
|
|
|a Bibliography: pages 93-98.
|
| 650 |
|
0 |
|a Environmental policy.
|
| 650 |
|
0 |
|a Pacific settlement of international disputes.
|
| 830 |
|
0 |
|a UNITAR study.
|
| 999 |
|
|
|a MARS
|
| 999 |
f |
f |
|s e6103593-24ec-3286-954a-db4492cdfb39
|i f7d8e6c1-3417-3eb2-8b35-6907c613c5b2
|t 0
|
| 952 |
f |
f |
|p ric
|a Texas A&M University
|b Rellis Campus
|c Joint Library Facility
|d Remote Storage
|t 0
|e HC79.E5 L47
|h Library of Congress classification
|i unmediated -- volume
|m A14802564918
|
| 998 |
f |
f |
|a HC79.E5 L47
|t 0
|l Remote Storage
|